zpět

Detail výsledku týmu

Kozlovna S-klub, Olomouc

Datum a čas kvízu

37 Celkem bodů Celkový počet nahraných bodů na tomto kvízu bez doplňovacích otázek.
5. Pořadí na kvízu Konečné umístění týmu na tomto kvízu.

Zaznamenané odpovědi

# Otázka Odpověď Body Výsledky
1. Která 43letá sólová a muzikálo... Michaela Nosková 1
2. Kterému fenoménu je věnovaný w... UFO 1
3. 81letý britský kytarista, zpěv... Eric Clapton 1
4. Minulý týden informovala média... B 1
5. 35letý hokejový obránce, mistr... Michal Kempný 1
6. Téma začneme jednou z nejoblíb... Matěj Kotrba 1
7. V roce 2019 jsme mohli v kinec... Bitva u Midway (v originále Midway) 0
8. Která herečka si zahrála krásn... Diane Kruger 0
9. Půl bodu obdržíte za název fil... Amadeus; Miloš Forman 1
10. Který režisér je podepsán pod... C 1